Dialektikus materializmus és kommunizmus. Tanulmánygyűjtemény

Elmentve itt :
Bibliográfiai részletek
Szerző: Rudas László
Adatforrás:Philobibl
Dokumentumtípus: Könyv
Nyelv:magyar
Megjelent: Bp. Szikra 1956
LEADER 00453nam a2200133 c 4500
001 bibDOK00009010
005 20200924120448.8
008 060518s1956 hu hun
100 1 |a Rudas László 
245 1 0 |a Dialektikus materializmus és kommunizmus. Tanulmánygyűjtemény  |c Rudas László 
260 |a Bp.  |b Szikra  |c 1956 
300 |a 382 p. 
500 |a Félix Pál et al. (ford.) 
500 |a Összeáll. a Lenin Intézet Filozófiai Tanszékének munkaközössége